Chefs cuisiniers français en images - Statistiques

Statistiques générales
  • Ce quiz a été pris 6 409 fois
    6 285 depuis la dernière actualisation
  • Le résultat moyen est 7 sur 20
Statistiques - réponses
Par images Réponse % Correct
Philippe Etchebest
98%
Cyril Lignac
77%
Thierry Marx
64%
Norbert Tarayre
62%
Paul Bocuse
61%
Hélène Darroze
55%
Michel Sarran
45%
Anne-Sophie Pic
34%
Joël Robuchon
34%
Jean-François Piège
33%
Pierre Hermé
29%
Paul Pairet
26%
Marc Veyrat
25%
Alain Ducasse
18%
Yannick Alléno
18%
Bernard Loiseau
15%
Auguste Escoffier
12%
Frédéric Anton
9%
Gilles Goujon
9%
Ghislaine Arabian
8%
Aucun quiz correspondant
Distribution des résultats
% des personnes avec chaque résultat
Percentile par nombre de réponses
Votre historique - résultats
Vous n’avez pas pris ce quiz depuis la dernière actualisation